00337cam a22001217a 4500008004000000082001300040100002700053245005800080260004200138300001000180500001000190650001500200180718b1960 xxu||||| |||| 00| 0 eng d aB12 M299 aMalthus, Thomas Robert aPopulation: the first essaycby Thomas Robert Malthus aAnn ArborbUniv. fo Mich. Pressc1960 a139p. a$1.75 aPopulation